Atoms for peace in Indonesia. (Record no. 86907)
[ view plain ]
| 000 -LEADER | |
|---|---|
| fixed length control field | 00509nam a2200193 4500 |
| 001 - CONTROL NUMBER | |
| control field | sa 68016094 |
| 003 - CONTROL NUMBER IDENTIFIER | |
| control field | DLC |
| 005 - DATE AND TIME OF LATEST TRANSACTION | |
| control field | 20260227112652.0 |
| 008 - FIXED-LENGTH DATA ELEMENTS--GENERAL INFORMATION | |
| fixed length control field | 700713s1963 io 00000 eng |
| 010 ## - LIBRARY OF CONGRESS CONTROL NUMBER | |
| LC control number | sa 68016094 |
| 025 ## - OVERSEAS ACQUISITION NUMBER | |
| Overseas acquisition number | PL480:Indo-8498 |
| 050 0# - LIBRARY OF CONGRESS CALL NUMBER | |
| Classification number | HD9698.I56 |
| Item number | L44 |
| 082 ## - DEWEY DECIMAL CLASSIFICATION NUMBER | |
| Classification number | 621.48/061/91 |
| 110 20 - MAIN ENTRY--CORPORATE NAME | |
| Corporate name or jurisdiction name as entry element | Lembaga Tenaga Atom. |
| 245 1# - TITLE STATEMENT | |
| Title | Atoms for peace in Indonesia. |
| 260 0# - PUBLICATION, DISTRIBUTION, ETC. | |
| Place of publication, distribution, etc. | [Djakarta] |
| Name of publisher, distributor, etc. | Institute for Atomic Energy |
| Date of publication, distribution, etc. | [1963?] |
| 300 ## - PHYSICAL DESCRIPTION | |
| Extent | [4] p. |
| Dimensions | 21 cm. |
| 500 ## - GENERAL NOTE | |
| General note | Cover title. |
No items available.